| 000 | 00442nam a2200133Ia 4500 | ||
|---|---|---|---|
| 008 | 170221s9999 xx 000 0 und d | ||
| 100 | _aRodney Ciboh | ||
| 245 | _aAdult Users’ Engagement and Utilisation of Social Networks Sites in Nigeria | ||
| 245 | _cRodney Ciboh | ||
| 260 | _bStudies in Media and Communication | ||
| 650 | _xCommunication | ||
| 650 | _xMedia Arts | ||
| 856 | _uhttp://redfame.com/journal/index.php/smc/issue/view/42 | ||
| 999 |
_c312662 _d312662 |
||